000 00536cam a2200145 4500500
005 20260208002351.0
041 _afre
042 _adc
100 1 0 _aDigard, Jean-Pierre
_eauthor
245 0 0 _aPaul Bacot et al., eds, L’Animal en politique, Paris, L’Harmattan, 2003, 384 p., index, ill. («Logiques politiques»)
260 _c2005.
500 _a1
786 0 _nL'Homme | 175-176 | 3 | 2005-07-01 | p. 475l-572l | 0439-4216
856 4 1 _uhttps://shs.cairn.info/revue-l-homme-2005-3-page-475l?lang=fr&redirect-ssocas=7080
999 _c1645982
_d1645982